| 000 | 00479nam a2200205Ia 4500 | ||
|---|---|---|---|
| 001 | 13588 | ||
| 003 | GE_BSU | ||
| 008 | 181216s||||||||xx |||||||||||||| ||und|| | ||
| 040 | _cGE_BSU | ||
| 050 | _a0706419642 | ||
| 080 | _a821.111-311.6 | ||
| 100 | _aMaclean,Alistair | ||
| 245 | _aCall to Arms.Sir Arthur Conan Doyle,David Niven | ||
| 260 | _aLondon | ||
| 260 | _bOctopus Books Limited | ||
| 260 | _c1983 | ||
| 300 | _a343p.24cm. | ||
| 653 | _aCall to Arms | ||
| 942 | _cBK | ||
| 999 |
_c46744 _d46744 |
||